| Tag |
First Indicator |
Second Indicator |
Subfields |
| LEADER |
00000cam a2200000Ia 4500 |
| 001 |
in00002781025 |
| 006 |
m d |
| 007 |
cr cn||||||||| |
| 008 |
120422s2012 nyu o 001 0 eng d |
| 005 |
20250816223031.8 |
| 010 |
|
|
|z 2012015690
|
| 020 |
|
|
|z 9781107011816
|
| 020 |
|
|
|z 9781139515061
|
| 035 |
|
|
|a (CaPaEBR)ebr10578310
|
| 040 |
|
|
|a CaPaEBR
|c CaPaEBR
|d UtOrBLW
|
| 050 |
1 |
4 |
|a QA808.2
|b .C327 2012eb
|
| 082 |
0 |
4 |
|a 531
|2 23
|
| 100 |
1 |
|
|a Capaldi, Franco M.,
|d 1977-
|
| 245 |
1 |
0 |
|a Continuum mechanics :
|b constitutive modeling of structural and biological materials /
|c Franco M. Capaldi.
|
| 264 |
|
1 |
|a New York ;
|a Cambridge :
|b Cambridge University Press,
|c 2012.
|
| 300 |
|
|
|a 1 online resource (xiii, 343 pages)
|
| 336 |
|
|
|a text
|b txt
|2 rdacontent
|
| 337 |
|
|
|a computer
|b c
|2 rdamedia
|
| 338 |
|
|
|a online resource
|b cr
|2 rdacarrier
|
| 500 |
|
|
|a Includes index.
|
| 500 |
|
|
|a Electronic resource.
|
| 650 |
|
0 |
|a Continuum mechanics.
|
| 650 |
|
0 |
|a Mechanics
|x Mathematical models.
|
| 655 |
|
7 |
|a Electronic books.
|2 local
|
| 710 |
2 |
|
|a ebrary, Inc.
|
| 856 |
4 |
0 |
|u https://ebookcentral.proquest.com/lib/tamucs/detail.action?docID=944721
|y Connect to the full text of this electronic book
|t 0
|
| 980 |
|
|
|a 120814
|b 99
|c USD
|e 99
|f YBP_EBR0000040323
|g 1
|
| 999 |
f |
f |
|s f8e3ce72-7386-364d-a683-28c8d863276f
|i 2d1994a2-7e4c-3e2b-99ad-d3bb3515c7bc
|t 0
|
| 999 |
|
|
|a MARS
|
| 952 |
f |
f |
|a Texas A&M University
|b College Station
|c Electronic Resources
|d Available Online
|t 0
|e QA808.2 .C327 2012eb
|h Library of Congress classification
|
| 998 |
f |
f |
|a QA808.2 .C327 2012eb
|t 0
|l Available Online
|